Solid state electronic devices / (Record no. 22245)
[ view plain ]
| 000 -LEADER | |
|---|---|
| fixed length control field | 01305cam a22002895a 4500 |
| 001 - CONTROL NUMBER | |
| control field | 17885583 |
| 005 - DATE AND TIME OF LATEST TRANSACTION | |
| control field | 20201128023816.0 |
| 008 - FIXED-LENGTH DATA ELEMENTS--GENERAL INFORMATION | |
| fixed length control field | 130913s2016 ii a fr 001 0 eng d |
| 010 ## - LIBRARY OF CONGRESS CONTROL NUMBER | |
| LC control number | 2013037102 |
| 020 ## - INTERNATIONAL STANDARD BOOK NUMBER | |
| International Standard Book Number | 9789332555082 |
| 020 ## - INTERNATIONAL STANDARD BOOK NUMBER | |
| International Standard Book Number | 9332555087 |
| 040 ## - CATALOGING SOURCE | |
| Original cataloging agency | DLC |
| Language of cataloging | eng |
| Transcribing agency | DLC |
| Modifying agency | EG-ScBUE |
| 042 ## - AUTHENTICATION CODE | |
| Authentication code | pcc |
| 082 04 - DEWEY DECIMAL CLASSIFICATION NUMBER | |
| Edition number | 22 |
| Classification number | 621.38152 |
| Item number | STR |
| 100 1# - MAIN ENTRY--PERSONAL NAME | |
| Personal name | Streetman, Ben G. |
| 9 (RLIN) | 18827 |
| 245 10 - TITLE STATEMENT | |
| Title | Solid state electronic devices / |
| Statement of responsibility, etc | Ben G. Streetman and Sanjay Kumar Banerjee. |
| 250 ## - EDITION STATEMENT | |
| Edition statement | 7th ed. |
| 260 ## - PUBLICATION, DISTRIBUTION, ETC. (IMPRINT) | |
| Place of publication, distribution, etc | New Delhi : |
| Name of publisher, distributor, etc | Pearson India Education Services Pvt.Ltd, |
| Date of publication, distribution, etc | c.2016 |
| 300 ## - PHYSICAL DESCRIPTION | |
| Extent | 624 p. : |
| Other physical details | ill. ; |
| Dimensions | 24 cm. |
| 500 ## - GENERAL NOTE | |
| General note | Index : p. 605-624. |
| 505 ## - FORMATTED CONTENTS NOTE | |
| Formatted contents note | Chapter 1 Crystal Properties and Growth of Semiconductors -- Chapter 2 Atoms And Electrons -- Chapter 3 Energy Bands And Charge Carriers In Semiconductors -- Chapter 4 Excess Carriers In Semiconductors -- Chapter 5 Junctions<br/>Chapter 6 Field-Effect Transistors -- Chapter 7 Bipolar Junction Transistors -- Chapter 8 Optoelectronic Devices -- Chapter 9 Integrated Circuits -- Chapter 10 High-frequency, high-power and Nanoelectronic devices. |
| 650 #7 - SUBJECT ADDED ENTRY--TOPICAL TERM | |
| Topical term or geographic name as entry element | Semiconductors. |
| Source of heading or term | BUEsh |
| 9 (RLIN) | 2692 |
| 651 ## - SUBJECT ADDED ENTRY--GEOGRAPHIC NAME | |
| Source of heading or term | BUEsh |
| 653 ## - INDEX TERM--UNCONTROLLED | |
| Resource For college | Engineering, Electrical |
| Arrived date list | August 2016 |
| 700 1# - ADDED ENTRY--PERSONAL NAME | |
| 9 (RLIN) | 18829 |
| Personal name | Banerjee, Sanjay |
| 942 ## - ADDED ENTRY ELEMENTS (KOHA) | |
| Source of classification or shelving scheme | Dewey Decimal Classification |
| Edition | 22 |
| Call number prefix | 621.38152 STR |
| Withdrawn status | Item status | Source of classification or shelving scheme | Damaged status | Not for loan | Vendor | Home library | Current library | Shelving location | Date acquired | Source of acquisition | Cost, normal purchase price | Serial Enumeration / chronology | Total Checkouts | Total Renewals | Full call number | Barcode | Date last seen | Date last borrowed | Cost, replacement price | Koha item type |
|---|---|---|---|---|---|---|---|---|---|---|---|---|---|---|---|---|---|---|---|---|
| Dewey Decimal Classification | Academic Bookshop | Central Library | Central Library | First floor | 28/08/2016 | Purchase | 148.00 | 9155 | 1 | 5 | 621.38152 STR | 000033174 | 15/07/2025 | 06/05/2019 | 185.00 | Book - Borrowing |